000 02094nam0a2200361 4500
001 RU\NLR\bibl\1860506
005 20260405231308.0
010 _a978-5-9978-0062-8
_9130
021 _aRU
_b2011-105563
_97560
035 _a(NLR Aleph) 001850409
090 _a2394056
_c2394056
100 _a20120126d2010 |||y0rusy50 ca
101 0 _arus
_aspa
102 _aRU
105 _ay |||||||||
200 1 _aДеловой иностранный язык (второй)
_iИспанский язык
_eучебное пособие
_fА.А. Губкина, А.В. Мельникова, М.А. Тарасова, Н.М. Шестакова
_gМ-во образования и науки Рос. Федерации, Гос. образоват. учреждение высш. проф. образования "С.-Петерб. гос. инж.-экон. ун-т"
210 _aСанкт-Петербург
_cСПбГИЭУ
_d2010
215 _a79 с.
_d20
300 _aПеред. вып. дан. авт.: Губкина А.А., Мельникова А.В., Тарасова М.А., Шестакова Н.М., преподаватели
320 _aБиблиогр.: с. 78 (9 назв.)
606 1 _aИспанский язык
_jУчебные издания для высших учебных заведений
_xСтилистика деловой речи
_92415531
_3RU\NLR\auth\661438885
686 _aШ147.21-93рус3-70
701 1 _aГубкина
_bА. А.
_gАнна Александровна
_4070
701 1 _4070
_8rus
_7ca
_aМельникова
_bА. В.
_cфилолог, испан. язык
_gАнтонина Валерьевна
_3RU\NLR\AUTH\77105230
_988155
701 1 _4070
_8rus
_7ca
_aТарасова
_bМ. А.
_cфилолог, романские языки
_gМария Александровна
_3RU\NLR\AUTH\77105225
_988150
701 1 _aШестакова
_bН. М.
_gНина Михайловна
_4070
801 0 _aRU
_bNLR
_c20120126
_gRCR
801 1 _aRU
_bNLR
_c20120126
830 _aпо кн
942 _cBOOK
980 _aNB